| 000 | 01082nmm a2200289 a 4500 | ||
|---|---|---|---|
| 001 | ocm0001232046 | ||
| 003 | TR-IsHL | ||
| 005 | 20201028155804.0 | ||
| 008 | 150709s2014 tu tur | ||
| 007 | cr cn | ||
| 020 | _a9786055176464 | ||
| 035 |
_a1232046 _b(N$T) |
||
| 050 | 0 | 4 |
_aBP183.3 _b.P49 2014 |
| 090 | 0 | 4 |
_aBP183.3 _b.P49 2014 |
| 245 | 1 | 0 |
_aPeygamber Efendimizin dilinden dualar: Türkçe okunuşu ve anlamı, Kur'an'dan dua ayetleri _h[electronic resource] / _chazırlayan Hacı İsmail Boylu |
| 250 | _a6.bsk. | ||
| 260 |
_aKonya : _bEğitim Akademi Yayınevi, _c2014 |
||
| 300 | _a322 p. | ||
| 500 |
_aEserde, yazarın kısa biyografisi vardır _xKaynakça var. _x |
||
| 650 | 4 | _aFelsefe, Psikoloji ve Din | |
| 650 | 4 | _aPhilosophy, Psychology and Religion | |
| 650 | 0 |
_aIslam _x Prayer-books and devotions |
|
| 650 | 0 |
_aİslam _x Dua kitapları ve ibadet |
|
| 650 | 7 |
_aRELIGION / Prayerbooks / Islamic _2bisacsh |
|
| 700 | 1 | _aBoylu, Hacı İsmail | |
| 856 | 4 | 0 | _uhttp://search.ebscohost.com/login.aspx?direct=true&scope=site&db=e011xww&AN=1232046 |
| 999 |
_c13265 _d13265 |
||